Annabel Lee (Edgar Allan Poe) Quiz Stats

 Plays Quiz Updated Jan 20, 2015

Also try: The Raven
Challenge
Share
Tweet
Embed
Score 0/294 Timer 08:00
2 Plays Today
% Correct
a
98.5%
a
98.5%
a
98.5%
a
98.5%
a
98.5%
a
98.5%
a
98.5%
A
98.5%
a
98.5%
a
98.5%
Annabel Lee;
95.3%
Annabel Lee;
95.3%
Annabel Lee;
95.3%
Annabel Lee.
95.3%
Annabel Lee:
95.3%
Annabel Lee;
95.3%
Annabel Lee;
95.3%
the
94.9%
the
94.9%
the
94.9%
the
94.9%
the
94.9%
the
94.9%
the
94.9%
The
94.9%
the
94.9%
the
94.9%
the
94.9%
the
94.9%
the
94.9%
the
94.9%
the
94.9%
the
94.9%
the
94.9%
the
94.9%
the
94.9%
the
94.8%
the
94.8%
the
94.8%
the
94.8%
the
94.8%
the
94.8%
the
94.8%
the
94.8%
I
93.8%
I
93.8%
I
93.7%
I
93.7%
and
88%
And
88%
and
88%
and
88%
and
88%
and
88%
And
88%
And
88%
and
88%
and
88%
And
88%
And
88%
And
88%
and
88%
In
85.8%
In
85.8%
In
85.8%
in
85.8%
In
85.8%
in
85.8%
In
85.8%
in
85.8%
In
85.8%
In
85.8%
my
83.9%
My
83.9%
my
83.9%
my
83.9%
my
83.9%
my
83.9%
my
83.9%
my
83.9%
by
83.4%
By
83.4%
by
83.4%
by
83.4%
by
83.4%
by
83.4%
by
83.4%
by
83.4%
by
83.3%
by
83.3%
by
83.3%
by
83.3%
was
83.2%
was
83.2%
was
83.2%
was
83.2%
was
83.2%
was
83.2%
% Correct
was
83.2%
love
83.1%
love
83.1%
love —
83.1%
love
83.1%
love
83.1%
love
83.1%
sea,
82.4%
sea:
82.4%
sea,
82.4%
sea.
82.4%
sea,
82.4%
sea,
82.4%
sea.
82.3%
sea)
81.9%
be
81.4%
to
80.7%
To
80.7%
me.
80%
me.
80%
me,
80%
me —
80%
me
80%
she
79.6%
she
79.6%
we
78.8%
we —
78.8%
we —
78.8%
of
78.7%
of
78.7%
of
78.7%
of
78.7%
Of
78.7%
Of
78.7%
Of
78.7%
Of
78.7%
Of
78.7%
Of
78.7%
That
77.2%
that
77.2%
that
77.2%
that,
77.2%
that
77.2%
that
77.2%
That
77.2%
her
76%
her
76%
her
76%
her
76%
her
76%
her
76%
her
76%
It
75.9%
it
75.9%
no
70.3%
with
69.9%
with
69.9%
With
69.9%
there
69.9%
there
69.8%
loved
69.8%
loved
69.8%
this
68.4%
this
68.4%
this
68.4%
this
68.4%
this
68.4%
this
68.4%
Than
68.1%
than
68.1%
than
68.1%
than
68.1%
than
68.1%
you
67.9%
kingdom
67.3%
kingdom
67.3%
kingdom
67.3%
kingdom
67.3%
kingdom
67.3%
So
65.2%
so
65.2%
so,
65.2%
more
63.6%
who
63.5%
ago,
61.8%
ago,
61.8%
name
61.4%
year
61.4%
beautiful
60.8%
beautiful
60.8%
beautiful
60.8%
beautiful
60.8%
from
60.5%
from
60.5%
many
59.2%
many
59.2%
many
59.2%
But
59%
% Correct
But
59%
but
58.9%
child
58.8%
child,
58.8%
lived
58.7%
lived
58.7%
maiden
56.1%
maiden
56.1%
know
56%
know,
56%
our
55.5%
heaven
55.3%
heaven,
55.3%
heaven
55.3%
angels,
54.3%
angels
54.3%
other
54.1%
For
53.9%
wind
53.7%
wind
53.7%
night,
52.3%
long
51.7%
may
51.6%
chilling
51.1%
Chilling
51%
not
50.7%
out
50.5%
out
50.5%
were
50.4%
came
50.3%
came
50.3%
(as
50.2%
killing
49.4%
all
49%
all
49%
thought
48.9%
whom
48%
away
47.5%
down
46.9%
down
46.9%
life
46.2%
sepulchre
46%
sepulchre
46%
never
45.4%
never
45.4%
cloud,
45.2%
cloud
45.2%
tomb
44.4%
blew
44.3%
reason
43.9%
reason
43.9%
up
43.8%
Can
43.3%
seraphs
42.9%
ever
42.6%
Coveted
42.6%
those
41.8%
darling —
41.5%
darling —
41.5%
winged
41.4%
far
41.4%
far
41.4%
men
39.1%
moon
39.1%
kinsmen
39%
eyes
38.8%
bride,
38.6%
under
38.1%
older
37.1%
highborn
37%
bore
36.8%
Nor
36.8%
wiser
36.4%
happy
36.2%
soul
36.1%
soul
36.1%
lie
35.9%
Yes! —
35.8%
stronger
35.7%
side
35.7%
Went
35.7%
demons
35%
stars
34.7%
above,
34.6%
without
33.9%
dreams
33.4%
bright
33.1%
half
33%
shut
32.7%
envying
32.6%
sounding
32.4%
dissever
31.3%
beams,
30.9%
bringing
30.5%
rise,
29.8%
neither
29.5%
feel
27.5%
night-tide,
23.9%

You're not logged in!

Compare scores with friends on all Sporcle quizzes.
Join for Free
OR
Log In

You Might Also Like...

Show Comments

Extras

Top Quizzes Today


Score Distribution

Your Account Isn't Verified!

In order to create a playlist on Sporcle, you need to verify the email address you used during registration. Go to your Sporcle Settings to finish the process.

Report this User

Report this user for behavior that violates our Community Guidelines.

Details: